[Event "IMP Mezczyzn do lat 20"]
[Site "Chotowa"]
[Date "2023.10.31"]
[Round "7.2"]
[White "Krawczyk, Flawian"]
[Black "Czernek, Tymon"]
[Result "1/2-1/2"]
[BlackElo "2329"]
[WhiteElo "2288"]
[LiveChessVersion "1.4.8"]

1. e4 {[%clk 1:30:59]} c5 {[%clk 1:30:48]} 2. Nf3 {[%clk 1:31:10]} Nc6
{[%clk 1:31:07]} 3. Bb5 {[%clk 1:31:37]} Nf6 {[%clk 1:31:33]} 4. Nc3
{[%clk 1:32:04]} Qc7 {[%clk 1:31:11]} 5. O-O {[%clk 1:30:46]} Nd4
{[%clk 1:31:08]} 6. Re1 {[%clk 1:26:12]} a6 {[%clk 1:31:32]} 7. Bf1
{[%clk 1:25:29]} Ng4 {[%clk 1:31:42]} 8. g3 {[%clk 1:25:39]} Nxf3+
{[%clk 1:32:09]} 9. Qxf3 {[%clk 1:26:04]} Ne5 {[%clk 1:32:36]} 10. Qe2
{[%clk 1:24:15]} e6 {[%clk 1:33:00]} 11. d3 {[%clk 1:21:14]} d6 {[%clk 1:32:39]}
12. f4 {[%clk 1:20:13]} Nc6 {[%clk 1:33:01]} 13. Qf2 {[%clk 1:19:35]} Be7
{[%clk 1:31:36]} 14. Nd1 {[%clk 1:19:28]} O-O {[%clk 1:25:39]} 15. Ne3
{[%clk 1:17:52]} b5 {[%clk 1:24:13]} 16. c3 {[%clk 1:18:08]} Bb7 {[%clk 1:23:56]}
17. h4 {[%clk 1:15:22]} Rad8 {[%clk 1:23:20]} 18. h5 {[%clk 1:13:41]} Rfe8
{[%clk 1:14:25]} 19. Ng4 {[%clk 1:09:49]} Bf8 {[%clk 1:12:52]} 20. h6
{[%clk 1:00:55]} f5 {[%clk 1:12:03]} 21. hxg7 {[%clk 0:59:00]} Bxg7
{[%clk 1:12:23]} 22. Nh2 {[%clk 0:56:43]} Qf7 {[%clk 1:11:25]} 23. Nf3
{[%clk 0:56:49]} h6 {[%clk 1:09:57]} 24. Bg2 {[%clk 0:52:20]} Kh8
{[%clk 1:05:55]} 25. Bd2 {[%clk 0:46:13]} Bf6 {[%clk 1:02:42]} 26. a4
{[%clk 0:32:17]} Rg8 {[%clk 1:01:49]} 27. axb5 {[%clk 0:32:32]} axb5
{[%clk 1:02:18]} 28. Bh3 {[%clk 0:30:12]} Qh5 {[%clk 0:59:04]} 29. Kg2
{[%clk 0:28:11]} Rg7 {[%clk 0:57:54]} 30. Rh1 {[%clk 0:26:26]} Qg6
{[%clk 0:56:37]} 31. exf5 {[%clk 0:10:23]} exf5 {[%clk 0:56:52]} 32. Rag1
{[%clk 0:09:24]} c4 {[%clk 0:53:36]} 33. dxc4 {[%clk 0:09:18]} bxc4
{[%clk 0:53:55]} 34. Kf1 {[%clk 0:09:09]} Ra8 {[%clk 0:54:09]} 35. Bg2
{[%clk 0:06:46]} Ra1+ {[%clk 0:52:38]} 36. Ne1 {[%clk 0:07:13]} Re7
{[%clk 0:51:57]} 37. g4 {[%clk 0:07:07]} fxg4 {[%clk 0:31:50]} 38. f5
{[%clk 0:07:15]} g3 {[%clk 0:29:16]} 39. fxg6 {[%clk 0:06:12]} gxf2
{[%clk 0:29:42]} 40. Rxh6+ {[%clk 0:35:58]} Kg7 {[%clk 1:00:09]} 41. Kxf2
{[%clk 0:35:55]} Kf8 {[%clk 0:58:11]} 42. Bd5 {[%clk 0:24:55]} Bg7
{[%clk 0:57:41]} 43. Bxc4 {[%clk 0:17:06]} Ne5 {[%clk 0:57:32]} 44. Rh4
{[%clk 0:14:51]} Nxc4 {[%clk 0:56:18]} 45. Rxc4 {[%clk 0:15:19]} Ba6
{[%clk 0:56:43]} 46. Rf4+ {[%clk 0:15:47]} Kg8 {[%clk 0:57:07]} 47. Rb4
{[%clk 0:15:41]} Re8 {[%clk 0:54:39]} 48. Be3 {[%clk 0:15:54]} Ra2
{[%clk 0:54:27]} 49. Kf3 {[%clk 0:12:56]} Rf8+ {[%clk 0:53:28]} 50. Bf4
{[%clk 0:11:24]} Be5 {[%clk 0:53:13]} 51. Ng2 {[%clk 0:10:39]} Rf6
{[%clk 0:51:27]} 52. Ne3 {[%clk 0:09:25]} Rxb2 {[%clk 0:47:36]} 53. Nd5
{[%clk 0:08:03]} Bb7 {[%clk 0:48:03]} 54. Rxb7 {[%clk 0:07:36]} Rxb7
{[%clk 0:48:28]} 55. Nxf6+ {[%clk 0:07:49]} Bxf6 {[%clk 0:48:54]} 56. c4
{[%clk 0:07:29]} Rc7 {[%clk 0:45:16]} 57. Rc1 {[%clk 0:07:39]} Be7
{[%clk 0:44:56]} 58. Bh6 {[%clk 0:07:05]} Bf8 {[%clk 0:40:08]} 59. Bxf8
{[%clk 0:07:25]} Kxf8 {[%clk 0:40:37]} 60. Ke4 {[%clk 0:07:40]} Rc5
{[%clk 0:40:57]} 61. Kd4 {[%clk 0:07:34]} Rg5 {[%clk 0:40:16]} 62. Re1
{[%clk 0:08:02]} Rxg6 {[%clk 0:40:06]} 63. Kd5 {[%clk 0:08:29]} Kf7
{[%clk 0:40:28]} 64. Re4 {[%clk 0:07:57]} Rh6 {[%clk 0:40:12]} 65. Kc6
{[%clk 0:07:35]} Re6 {[%clk 0:40:32]} 66. Rh4 {[%clk 0:07:32]} Ke7
{[%clk 0:38:35]} 67. Rh7+ {[%clk 0:07:51]} Ke8 {[%clk 0:37:46]} 1/2-1/2

[Event "IMP Mezczyzn do lat 20"]
[Site "Chotowa"]
[Date "2023.10.31"]
[Round "7.3"]
[White "Fiedorek, Michal"]
[Black "Niedbala, Bartlomiej"]
[Result "0-1"]
[BlackElo "2400"]
[WhiteElo "2334"]
[LiveChessVersion "1.4.8"]

1. e4 {[%clk 1:30:52]} c5 {[%clk 1:30:04]} 2. Nf3 {[%clk 1:31:18]} e6
{[%clk 1:30:30]} 3. d4 {[%clk 1:31:38]} cxd4 {[%clk 1:30:58]} 4. Nxd4
{[%clk 1:32:00]} Nf6 {[%clk 1:31:24]} 5. Nc3 {[%clk 1:32:12]} Nc6
{[%clk 1:31:52]} 6. Ndb5 {[%clk 1:31:15]} Bc5 {[%clk 1:28:14]} 7. Bf4
{[%clk 1:29:00]} O-O {[%clk 1:28:27]} 8. Bc7 {[%clk 1:27:38]} Qe7
{[%clk 1:28:56]} 9. Bd6 {[%clk 1:20:51]} Bxd6 {[%clk 1:29:24]} 10. Qxd6
{[%clk 1:20:45]} Qd8 {[%clk 1:29:52]} 11. Nc7 {[%clk 1:00:29]} Rb8
{[%clk 1:30:16]} 12. Be2 {[%clk 0:57:18]} b5 {[%clk 1:30:45]} 13. e5
{[%clk 0:49:25]} Ne8 {[%clk 1:29:23]} 14. Nxe8 {[%clk 0:48:48]} Rxe8
{[%clk 1:29:49]} 15. O-O {[%clk 0:31:38]} b4 {[%clk 1:21:17]} 16. Ne4
{[%clk 0:29:33]} Bb7 {[%clk 1:09:46]} 17. Nc5 {[%clk 0:18:33]} Ne7
{[%clk 1:07:53]} 18. Nxb7 {[%clk 0:11:00]} Rxb7 {[%clk 1:08:21]} 19. a3
{[%clk 0:09:42]} Rb6 {[%clk 0:54:30]} 20. Qd2 {[%clk 0:08:47]} bxa3
{[%clk 0:44:16]} 21. Rxa3 {[%clk 0:08:56]} Nc6 {[%clk 0:44:37]} 22. b3
{[%clk 0:05:26]} Qc7 {[%clk 0:44:01]} 23. Qd6 {[%clk 0:02:03]} Rc8
{[%clk 0:41:32]} 24. Qxc7 {[%clk 0:01:21]} Rxc7 {[%clk 0:42:01]} 25. Rfa1
{[%clk 0:01:29]} g5 {[%clk 0:41:48]} 26. Bd1 {[%clk 0:00:45]} Rb5
{[%clk 0:40:49]} 27. Kf1 {[%clk 0:00:38]} Rxe5 {[%clk 0:40:51]} 28. Bf3
{[%clk 0:01:03]} Nd4 {[%clk 0:32:05]} 29. Rxa7 {[%clk 0:01:09]} Rxc2
{[%clk 0:31:57]} 30. Bd1 {[%clk 0:01:03]} Rd2 {[%clk 0:32:19]} 31. f4
{[%clk 0:00:33]} Rf5 {[%clk 0:28:30]} 32. g3 {[%clk 0:00:33]} gxf4
{[%clk 0:28:26]} 33. g4 {[%clk 0:00:59]} Rd5 {[%clk 0:27:58]} 0-1

[Event "IMP Mezczyzn do lat 20"]
[Site "Chotowa"]
[Date "2023.10.31"]
[Round "7.4"]
[White "Meers, Hubert"]
[Black "Sowinski, Pawel"]
[Result "0-1"]
[BlackElo "2322"]
[WhiteElo "2256"]
[LiveChessVersion "1.4.8"]

1. e4 {[%clk 1:29:15]} e5 {[%clk 1:30:57]} 2. Nf3 {[%clk 1:27:16]} Nc6
{[%clk 1:31:23]} 3. d4 {[%clk 1:27:43]} exd4 {[%clk 1:30:04]} 4. Bc4
{[%clk 1:28:09]} Nf6 {[%clk 1:29:51]} 5. O-O {[%clk 1:28:26]} Nxe4
{[%clk 1:26:10]} 6. Re1 {[%clk 1:28:42]} d5 {[%clk 1:26:38]} 7. Bxd5
{[%clk 1:29:08]} Qxd5 {[%clk 1:27:05]} 8. Nc3 {[%clk 1:29:35]} Qh5
{[%clk 1:26:21]} 9. Nxe4 {[%clk 1:30:01]} Be6 {[%clk 1:25:43]} 10. Nxd4
{[%clk 1:23:52]} Qxd1 {[%clk 1:25:08]} 11. Rxd1 {[%clk 1:24:20]} Nxd4
{[%clk 1:14:34]} 12. Rxd4 {[%clk 1:24:40]} h6 {[%clk 1:13:49]} 13. Bf4
{[%clk 1:23:58]} Rc8 {[%clk 1:13:21]} 14. Be5 {[%clk 1:19:59]} f6
{[%clk 1:12:01]} 15. Bg3 {[%clk 1:20:26]} Kf7 {[%clk 1:09:50]} 16. Re1
{[%clk 1:19:05]} Be7 {[%clk 0:59:38]} 17. Nc3 {[%clk 1:18:07]} Bc5
{[%clk 0:55:54]} 18. Rde4 {[%clk 1:16:52]} Rhe8 {[%clk 0:52:15]} 19. b4
{[%clk 1:13:50]} Bf8 {[%clk 0:45:33]} 20. a3 {[%clk 1:07:07]} c6 {[%clk 0:42:14]}
21. Na4 {[%clk 1:00:05]} b6 {[%clk 0:41:12]} 22. Nb2 {[%clk 0:59:59]} c5
{[%clk 0:40:16]} 23. c3 {[%clk 0:55:05]} Rcd8 {[%clk 0:28:09]} 24. f3
{[%clk 0:55:02]} g5 {[%clk 0:27:32]} 25. b5 {[%clk 0:50:50]} f5 {[%clk 0:25:52]}
26. Ra4 {[%clk 0:49:26]} Re7 {[%clk 0:17:21]} 27. Nc4 {[%clk 0:46:27]} Bxc4
{[%clk 0:13:56]} 28. Rxc4 {[%clk 0:46:53]} Rxe1+ {[%clk 0:13:59]} 29. Bxe1
{[%clk 0:47:21]} Ke6 {[%clk 0:14:12]} 30. g4 {[%clk 0:44:48]} fxg4
{[%clk 0:10:10]} 31. Rxg4 {[%clk 0:44:50]} Rd1 {[%clk 0:08:44]} 32. Kf1
{[%clk 0:42:11]} Bd6 {[%clk 0:09:08]} 33. Ke2 {[%clk 0:38:54]} Rb1
{[%clk 0:09:23]} 34. h4 {[%clk 0:39:19]} Bf4 {[%clk 0:06:43]} 35. hxg5
{[%clk 0:38:09]} hxg5 {[%clk 0:07:05]} 36. a4 {[%clk 0:37:53]} Kf5
{[%clk 0:03:31]} 37. Bg3 {[%clk 0:30:34]} Rb2+ {[%clk 0:03:59]} 38. Kf1
{[%clk 0:30:17]} Bxg3 {[%clk 0:04:13]} 39. Rxg3 {[%clk 0:30:45]} Kf4
{[%clk 0:04:38]} 40. Rg2 {[%clk 0:59:15]} Rb3 {[%clk 0:34:20]} 41. Ke2
{[%clk 0:59:07]} Rb2+ {[%clk 0:33:25]} 42. Kf1 {[%clk 0:59:22]} Rxg2
{[%clk 0:33:30]} 43. Kxg2 {[%clk 0:59:48]} Ke3 {[%clk 0:33:52]} 44. Kg3
{[%clk 0:57:46]} Kd3 {[%clk 0:34:20]} 45. Kg4 {[%clk 0:58:07]} Kxc3
{[%clk 0:34:47]} 46. Kxg5 {[%clk 0:57:51]} Kb3 {[%clk 0:34:53]} 0-1

[Event "IMP Mezczyzn do lat 20"]
[Site "Chotowa"]
[Date "2023.10.31"]
[Round "7.5"]
[White "Kacprzak, Kacper"]
[Black "Janeczko, Jakub"]
[Result "1-0"]
[BlackElo "2280"]
[WhiteElo "2250"]
[LiveChessVersion "1.4.8"]

1. e4 {[%clk 1:30:58]} c5 {[%clk 1:30:57]} 2. Nf3 {[%clk 1:31:24]} d6
{[%clk 1:31:25]} 3. d4 {[%clk 1:31:48]} cxd4 {[%clk 1:31:53]} 4. Nxd4
{[%clk 1:32:13]} Nf6 {[%clk 1:32:20]} 5. Nc3 {[%clk 1:32:38]} a6 {[%clk 1:32:47]}
6. Nb3 {[%clk 1:33:02]} Nc6 {[%clk 1:30:12]} 7. Be3 {[%clk 1:33:26]} e6
{[%clk 1:27:27]} 8. g4 {[%clk 1:33:22]} Be7 {[%clk 1:24:06]} 9. g5
{[%clk 1:32:51]} Nd7 {[%clk 1:24:29]} 10. h4 {[%clk 1:33:15]} b5 {[%clk 1:19:28]}
11. Qd2 {[%clk 1:31:59]} Bb7 {[%clk 1:14:39]} 12. O-O-O {[%clk 1:30:17]} Rc8
{[%clk 1:06:50]} 13. a3 {[%clk 1:25:28]} Na5 {[%clk 0:57:09]} 14. Nxa5
{[%clk 1:17:57]} Qxa5 {[%clk 0:57:28]} 15. Qd4 {[%clk 1:18:20]} e5
{[%clk 0:50:16]} 16. Qb4 {[%clk 1:04:21]} Qc7 {[%clk 0:49:13]} 17. Qb3
{[%clk 1:02:08]} Nc5 {[%clk 0:49:14]} 18. Bxc5 {[%clk 1:02:20]} Qxc5
{[%clk 0:44:30]} 19. Rh2 {[%clk 1:02:06]} g6 {[%clk 0:33:57]} 20. Be2
{[%clk 0:47:44]} Bc6 {[%clk 0:24:31]} 21. Bg4 {[%clk 0:42:13]} Rb8
{[%clk 0:24:05]} 22. Nd5 {[%clk 0:41:47]} Bd8 {[%clk 0:21:50]} 23. Rh3
{[%clk 0:35:57]} Ba5 {[%clk 0:18:38]} 24. Nf6+ {[%clk 0:31:20]} Ke7
{[%clk 0:18:16]} 25. Be2 {[%clk 0:21:31]} Qxf2 {[%clk 0:11:15]} 26. Bd3
{[%clk 0:10:30]} Rb7 {[%clk 0:05:16]} 27. Rf1 {[%clk 0:09:41]} Qd2+
{[%clk 0:05:41]} 28. Kb1 {[%clk 0:10:09]} Kd8 {[%clk 0:02:45]} 29. Rhf3
{[%clk 0:05:09]} Qh2 {[%clk 0:02:09]} 30. Nd5 {[%clk 0:05:09]} Qxh4
{[%clk 0:01:33]} 31. Rxf7 {[%clk 0:05:38]} Rxf7 {[%clk 0:02:02]} 32. Rxf7
{[%clk 0:06:00]} Re8 {[%clk 0:01:09]} 33. a4 {[%clk 0:04:37]} Qxg5
{[%clk 0:00:38]} 34. axb5 {[%clk 0:05:05]} axb5 {[%clk 0:00:46]} 35. Bxb5
{[%clk 0:05:16]} Qg1+ {[%clk 0:01:07]} 36. Ka2 {[%clk 0:04:15]} Qa7
{[%clk 0:00:33]} 37. Rxa7 {[%clk 0:04:01]} 1-0

[Event "IMP Mezczyzn do lat 20"]
[Site "Chotowa"]
[Date "2023.10.31"]
[Round "7.6"]
[White "Kacprzak, Karol"]
[Black "Dziewonski, Dariusz"]
[Result "1-0"]
[BlackElo "2218"]
[WhiteElo "2317"]
[LiveChessVersion "1.4.8"]

1. e4 {[%clk 1:30:58]} e5 {[%clk 1:25:17]} 2. Nf3 {[%clk 1:31:10]} Nc6
{[%clk 1:25:43]} 3. Bb5 {[%clk 1:31:28]} a6 {[%clk 1:26:08]} 4. Ba4
{[%clk 1:31:52]} Nf6 {[%clk 1:26:34]} 5. O-O {[%clk 1:32:13]} b5 {[%clk 1:26:58]}
6. Bb3 {[%clk 1:32:36]} Bc5 {[%clk 1:27:24]} 7. a4 {[%clk 1:32:57]} Rb8
{[%clk 1:27:45]} 8. c3 {[%clk 1:33:08]} d6 {[%clk 1:27:54]} 9. d4
{[%clk 1:33:31]} Bb6 {[%clk 1:28:19]} 10. a5 {[%clk 1:33:57]} Ba7
{[%clk 1:28:44]} 11. h3 {[%clk 1:34:05]} Bb7 {[%clk 1:28:51]} 12. Be3
{[%clk 1:32:38]} Nxe4 {[%clk 1:28:51]} 13. Re1 {[%clk 1:32:03]} exd4
{[%clk 1:13:36]} 14. cxd4 {[%clk 1:32:23]} Ne7 {[%clk 1:13:23]} 15. Nc3
{[%clk 1:31:18]} d5 {[%clk 1:08:36]} 16. Nxe4 {[%clk 1:29:37]} dxe4
{[%clk 1:09:01]} 17. Ng5 {[%clk 1:30:01]} Bd5 {[%clk 1:07:38]} 18. Bf4
{[%clk 1:30:18]} O-O {[%clk 1:01:21]} 19. Nxe4 {[%clk 1:30:38]} Bxb3
{[%clk 0:49:06]} 20. Qxb3 {[%clk 1:30:58]} Ng6 {[%clk 0:46:29]} 21. Bg3
{[%clk 1:31:02]} Qxd4 {[%clk 0:39:27]} 22. Bxc7 {[%clk 1:31:19]} Rbe8
{[%clk 0:34:35]} 23. Qc2 {[%clk 1:30:13]} Rc8 {[%clk 0:24:28]} 24. Rad1
{[%clk 1:12:24]} Qc4 {[%clk 0:23:42]} 25. Qxc4 {[%clk 1:12:23]} bxc4
{[%clk 0:24:09]} 26. Bd6 {[%clk 0:55:30]} Rfe8 {[%clk 0:18:14]} 27. Kf1
{[%clk 0:40:49]} h6 {[%clk 0:15:44]} 28. Bb4 {[%clk 0:29:18]} Nf4
{[%clk 0:10:35]} 29. Nd6 {[%clk 0:16:56]} Rxe1+ {[%clk 0:11:00]} 30. Bxe1
{[%clk 0:17:21]} Rc6 {[%clk 0:08:12]} 31. Nf5 {[%clk 0:17:31]} Bc5
{[%clk 0:06:19]} 32. Rd8+ {[%clk 0:14:50]} Kh7 {[%clk 0:06:44]} 33. Bc3
{[%clk 0:15:14]} Rg6 {[%clk 0:04:31]} 34. Ng3 {[%clk 0:07:45]} Nd3
{[%clk 0:03:27]} 35. Ne4 {[%clk 0:07:49]} Bb4 {[%clk 0:03:49]} 36. Rxd3
{[%clk 0:06:54]} cxd3 {[%clk 0:03:58]} 37. Bxb4 {[%clk 0:07:23]} Rc6
{[%clk 0:04:07]} 38. Bc3 {[%clk 0:06:55]} f5 {[%clk 0:02:39]} 39. Nd2
{[%clk 0:05:45]} g5 {[%clk 0:01:18]} 40. Nf3 {[%clk 0:32:20]} Rc5
{[%clk 0:30:32]} 41. Ke1 {[%clk 0:28:57]} Rd5 {[%clk 0:23:54]} 42. Kd2
{[%clk 0:28:07]} Kg6 {[%clk 0:23:30]} 43. Ne5+ {[%clk 0:22:20]} Kh5
{[%clk 0:23:55]} 44. g3 {[%clk 0:19:57]} f4 {[%clk 0:23:47]} 45. b4
{[%clk 0:16:57]} Rd6 {[%clk 0:20:03]} 46. gxf4 {[%clk 0:14:53]} gxf4
{[%clk 0:20:03]} 47. Nf3 {[%clk 0:15:18]} Kg6 {[%clk 0:19:11]} 48. Be5
{[%clk 0:15:07]} Rc6 {[%clk 0:18:56]} 49. Kxd3 {[%clk 0:15:07]} Rc1
{[%clk 0:19:18]} 50. Bxf4 {[%clk 0:14:47]} Rb1 {[%clk 0:19:11]} 51. Bd2
{[%clk 0:13:03]} Rh1 {[%clk 0:19:21]} 52. h4 {[%clk 0:13:27]} h5 {[%clk 0:19:47]}
53. Ke4 {[%clk 0:13:19]} Rf1 {[%clk 0:19:59]} 54. Be1 {[%clk 0:13:23]} 1-0

[Event "IMP Mezczyzn do lat 20"]
[Site "Chotowa"]
[Date "2023.10.31"]
[Round "7.7"]
[White "Rog, Bartlomiej"]
[Black "Stachowicz, Hubert"]
[Result "1/2-1/2"]
[BlackElo "1583"]
[WhiteElo "2168"]
[LiveChessVersion "1.4.8"]

1. d3 d5 2. Nf3 {[%clk 1:27:48]} c5 {[%clk 1:26:59]} 3. e4 {[%clk 1:26:24]} dxe4
{[%clk 1:20:11]} 4. dxe4 {[%clk 1:26:47]} Qxd1+ {[%clk 1:20:35]} 5. Kxd1
{[%clk 1:27:08]} a6 {[%clk 1:20:42]} 6. Be3 {[%clk 1:18:23]} e6 {[%clk 1:20:38]}
7. Nbd2 {[%clk 1:16:37]} Nf6 {[%clk 1:18:57]} 8. h3 {[%clk 1:16:45]} Nbd7
{[%clk 1:17:46]} 9. a4 {[%clk 1:16:10]} b6 {[%clk 1:12:16]} 10. Bd3
{[%clk 1:13:46]} Bb7 {[%clk 1:12:35]} 11. Re1 {[%clk 1:10:50]} Be7
{[%clk 1:10:39]} 12. Bf4 {[%clk 1:07:25]} O-O {[%clk 0:58:44]} 13. Nc4
{[%clk 0:41:50]} Ne8 {[%clk 0:50:47]} 14. Nfe5 Nxe5 15. Bxe5 {[%clk 0:41:59]} f6
{[%clk 0:50:30]} 16. Bg3 {[%clk 0:41:51]} Bd8 {[%clk 0:44:38]} 17. b3 Rf7
{[%clk 0:41:15]} 18. Ke2 {[%clk 0:34:52]} Bc6 {[%clk 0:41:15]} 19. Red1
{[%clk 0:28:37]} Rfa7 {[%clk 0:35:16]} 20. Ne3 {[%clk 0:27:37]} Kf7
{[%clk 0:34:36]} 21. f3 {[%clk 0:26:41]} Ke7 {[%clk 0:31:18]} 22. e5
{[%clk 0:25:11]} Kf7 {[%clk 0:25:49]} 23. exf6 {[%clk 0:21:09]} Bxf6
{[%clk 0:24:25]} 24. Rab1 {[%clk 0:20:37]} b5 {[%clk 0:19:17]} 25. axb5
{[%clk 0:20:20]} axb5 {[%clk 0:19:15]} 26. Ng4 {[%clk 0:20:46]} Ra2
{[%clk 0:11:50]} 27. Kf1 {[%clk 0:16:47]} c4 {[%clk 0:07:25]} 28. bxc4
{[%clk 0:14:36]} bxc4 {[%clk 0:07:54]} 29. Bxc4 {[%clk 0:12:41]} Rxc2
{[%clk 0:08:11]} 30. Bb3 {[%clk 0:13:06]} Rc5 {[%clk 0:07:16]} 31. Nxf6
{[%clk 0:08:05]} Nxf6 {[%clk 0:06:15]} 32. Bf2 {[%clk 0:08:05]} Rb5
{[%clk 0:03:20]} 33. Rdc1 {[%clk 0:04:33]} Bd7 {[%clk 0:01:57]} 34. Bc4
{[%clk 0:04:32]} Rxb1 {[%clk 0:02:04]} 35. Rxb1 {[%clk 0:04:57]} Bc6
{[%clk 0:01:55]} 36. Rb6 {[%clk 0:03:59]} Bd5 {[%clk 0:01:03]} 37. Bxd5
{[%clk 0:04:13]} Nxd5 {[%clk 0:00:55]} 38. Rb7+ {[%clk 0:04:38]} Kf6
{[%clk 0:00:45]} 39. g3 {[%clk 0:03:52]} Ra2 {[%clk 0:00:47]} 40. f4
{[%clk 0:34:05]} Rc2 {[%clk 0:30:41]} 41. Kg2 {[%clk 0:31:40]} Rc7
{[%clk 0:28:11]} 42. Bd4+ {[%clk 0:30:35]} Kf7 {[%clk 0:27:54]} 43. Rb5
{[%clk 0:30:52]} Rd7 {[%clk 0:26:28]} 44. Be5 {[%clk 0:30:29]} Ne7
{[%clk 0:26:25]} 45. g4 {[%clk 0:30:29]} Ng6 46. Kf3 {[%clk 0:30:44]} Rd3+
{[%clk 0:25:01]} 47. Ke4 {[%clk 0:30:45]} Nxe5 48. fxe5 {[%clk 0:30:40]} Rxh3
{[%clk 0:21:34]} 49. Rb7+ {[%clk 0:31:05]} Kg6 {[%clk 0:14:13]} 50. Re7
{[%clk 0:31:28]} Rh4 {[%clk 0:13:25]} 51. Kf3 {[%clk 0:31:34]} h5
{[%clk 0:13:24]} 52. gxh5+ {[%clk 0:31:05]} Kf5 {[%clk 0:13:20]} 53. Rxg7
{[%clk 0:31:17]} Rxh5 {[%clk 0:13:33]} 54. Ra7 {[%clk 0:31:00]} Rh3+
{[%clk 0:13:48]} 55. Kf2 {[%clk 0:31:12]} Kxe5 {[%clk 0:13:57]} 56. Ra5+
{[%clk 0:31:35]} Kf6 {[%clk 0:14:20]} 57. Ra4 {[%clk 0:28:36]} e5
{[%clk 0:14:21]} 58. Rb4 {[%clk 0:29:00]} Kf5 {[%clk 0:14:35]} 59. Ra4
{[%clk 0:29:13]} e4 {[%clk 0:13:41]} 60. Ra8 {[%clk 0:29:39]} Rd3
{[%clk 0:12:54]} 61. Ke2 {[%clk 0:28:43]} Rb3 {[%clk 0:12:08]} 1/2-1/2

[Event "IMP Mezczyzn do lat 20"]
[Site "Chotowa"]
[Date "2023.10.31"]
[Round "7.8"]
[White "Redzisz, Michal"]
[Black "Ugorek, Kacper"]
[Result "1/2-1/2"]
[BlackElo "1999"]
[WhiteElo "2228"]
[LiveChessVersion "1.4.8"]

1. d4 {[%clk 1:26:11]} Nf6 {[%clk 1:30:59]} 2. c4 {[%clk 1:26:29]} e6
{[%clk 1:31:17]} 3. g3 {[%clk 1:26:45]} d5 {[%clk 1:31:27]} 4. Bg2
{[%clk 1:27:05]} dxc4 {[%clk 1:30:27]} 5. Qa4+ {[%clk 1:22:29]} Bd7
{[%clk 1:24:36]} 6. Qxc4 {[%clk 1:22:53]} Bc6 {[%clk 1:24:55]} 7. Bxc6+
{[%clk 1:15:12]} Nxc6 {[%clk 1:25:15]} 8. Nf3 {[%clk 1:15:41]} Qd5
{[%clk 1:18:30]} 9. Qa4 {[%clk 0:50:32]} Bb4+ {[%clk 1:08:09]} 10. Bd2
{[%clk 0:37:33]} b5 {[%clk 1:04:25]} 11. Qd1 {[%clk 0:37:58]} Bxd2+
{[%clk 1:03:16]} 12. Qxd2 {[%clk 0:36:17]} Ne4 {[%clk 1:03:31]} 13. Qc1
{[%clk 0:27:09]} O-O-O {[%clk 0:55:52]} 14. Nc3 {[%clk 0:26:17]} Nxc3
{[%clk 0:55:27]} 15. bxc3 {[%clk 0:24:08]} e5 {[%clk 0:53:25]} 16. dxe5
{[%clk 0:18:57]} Nxe5 {[%clk 0:53:24]} 17. O-O {[%clk 0:19:24]} Nxf3+
{[%clk 0:53:01]} 18. exf3 {[%clk 0:19:51]} Qxf3 {[%clk 0:50:40]} 19. a4
{[%clk 0:20:18]} h5 {[%clk 0:46:42]} 20. axb5 {[%clk 0:15:02]} h4
{[%clk 0:44:02]} 21. Qe3 {[%clk 0:15:30]} Qxe3 {[%clk 0:43:06]} 22. fxe3
{[%clk 0:15:58]} hxg3 {[%clk 0:43:14]} 23. hxg3 {[%clk 0:16:26]} Rd2
{[%clk 0:38:48]} 24. Rxf7 {[%clk 0:10:57]} Rhh2 {[%clk 0:38:35]} 25. Rxa7
{[%clk 0:07:22]} Rdg2+ {[%clk 0:37:56]} 26. Kf1 {[%clk 0:07:48]} Rd2
{[%clk 0:38:16]} 27. Kg1 {[%clk 0:06:45]} Rdg2+ {[%clk 0:38:30]} 28. Kf1
{[%clk 0:07:12]} Rd2 {[%clk 0:38:55]} 29. Kg1 {[%clk 0:07:29]} Rdg2+
{[%clk 0:37:42]} 30. Kf1 {[%clk 0:07:56]} Rd2 {[%clk 0:38:08]} 31. Kg1
{[%clk 0:08:17]} Rdg2+ {[%clk 0:38:34]} 1/2-1/2